Départements ayant le plus de communes finissant par "ville" - Statistiques

Statistiques générales
  • Ce quiz a été pris 638 fois
  • Le résultat moyen est 16 sur 24
Réponses sur la Carte
Les réponses sont colorées sur une échelle allant du rouge au vert en fonction du pourcentage des utilisateurs qui les ont devinées à leur premier essai. Vous pouvez retrouver ces pourcentages ci-dessous.
 
Statistiques - réponses
Nombre de communes
finissant par "ville"
Département % Correct
54 Calvados
85%
71 Manche
83%
26 Oise
83%
20 Pas-de-Calais
82%
85 Eure
81%
159 Seine-Maritime
81%
36 Somme
77%
27 Yvelines
76%
15 Seine-et-Marne
75%
13 Aisne
74%
19 Marne
70%
18 Essonne
69%
47 Eure-et-Loir
69%
17 Val d'Oise
68%
29 Moselle
66%
11 Ardennes
65%
19 Loiret
64%
93 Meurthe-et-Moselle
64%
40 Meuse
64%
26 Haute-Marne
60%
12 Aube
56%
44 Vosges
55%
10 Côte d'Or
44%
17 Haute-Garonne
8%
Aucun quiz correspondant
Distribution des résultats
% des personnes avec chaque résultat
Percentile par nombre de réponses
Votre historique - résultats
Vous n’avez pas pris ce quiz